| Tag |
First Indicator |
Second Indicator |
Subfields |
| LEADER |
00000cam a2200000 a 4500 |
| 001 |
in00002394939 |
| 005 |
20151109064933.0 |
| 008 |
080112s2008 nyua 000 0 eng d |
| 020 |
|
|
|a 9781576874271 (hbk.)
|
| 020 |
|
|
|a 1576874273 (hbk.)
|
| 035 |
|
|
|a (OCoLC)ocn179829961
|
| 040 |
|
|
|a UKM
|c UKM
|d NDD
|d UtOrBLW
|
| 049 |
|
|
|a TXAM
|
| 050 |
|
0 |
|a TR647.F525
|b F55 2008
|
| 082 |
0 |
|
|a 779.9387742
|2 22
|
| 100 |
1 |
|
|a Finke, Brian.
|
| 245 |
1 |
0 |
|a Flight attendants /
|c [photographs] Brian Finke ; introduction Alix Browne ; text Alison Nordström.
|
| 264 |
|
1 |
|a Brooklyn, N.Y. :
|b PowerHouse,
|c [2008]
|
| 264 |
|
4 |
|c ©2008
|
| 300 |
|
|
|a 1 volume (unpaged) :
|b chiefly color illustrations ;
|c 26 x 26 cm.
|
| 336 |
|
|
|a text
|b txt
|2 rdacontent
|
| 337 |
|
|
|a unmediated
|b n
|2 rdamedia
|
| 338 |
|
|
|a volume
|b nc
|2 rdacarrier
|
| 600 |
1 |
0 |
|a Finke, Brian.
|
| 650 |
|
0 |
|a Photography, Artistic.
|
| 650 |
|
0 |
|a Flight attendants
|v Pictorial works.
|
| 700 |
1 |
|
|a Browne, Alix.
|
| 700 |
1 |
|
|a Nordström, Alison Devine.
|
| 945 |
|
|
|a PromptCat
|
| 946 |
|
|
|a stk
|
| 947 |
|
|
|a A14836802047
|
| 948 |
|
|
|a cataloged
|b h
|c 2008/6/19
|d c
|e dmitchel
|f 1:44:28 pm
|
| 994 |
|
|
|a 92
|b TXA
|
| 999 |
|
|
|a MARS
|
| 999 |
f |
f |
|s d10c9e0d-f320-3f38-b6ef-84b32de0fcb3
|i b6e6580a-ecf6-3f95-b56f-017f71faec3e
|t 0
|
| 952 |
f |
f |
|p ric
|a Texas A&M University
|b Rellis Campus
|c Joint Library Facility
|d Remote Storage
|t 0
|e TR647.F525 F55 2008
|h Library of Congress classification
|i unmediated -- volume
|m A14836802047
|
| 998 |
f |
f |
|a TR647.F525 F55 2008
|t 0
|l Remote Storage
|